000 00715nam a2200253Ia 4500
003 OSt
005 20220927110345.0
006 a|||||r|||| 00| 0
007 ta
008 220926b |||||||| |||| 00| 0 eng d
024 _a64864
037 _cReports
040 _aRTL
_cRTL
_beng
041 _2eng
_aeng
082 _a"X428.44Q743.M43, G8,G9,H0,H1,H1;1"
110 _aKarachi. Port Trust
_9376549
245 0 _aAdministraive report
260 _c1945
490 _a1V Per year. This library has 1937/38-1940/41
650 _aPort
700 _aKarachi. Port Trust
_9376550
942 _h"X428.44Q743.M43, G8,G9,H0,H1,H1;1"
_cCC
999 _c695753
_d695753